01317nam a2200325 a 4500001001200000003000800012006001900020007001500039008004100054010001700095020001800112020002700130040002100157035002100178050002800199100002200227245009200249260006300341300002300404490006400427504005100491533015200542650003200694655002900726700002300755710001700778830005300795856012600848999001700974ebr10700393CaPaEBRm o u cr cn|||||||||130109s2013 njua sb 001 0 eng d z 2013930462 z9781848214538 z9781118574799 (e-book) aCaPaEBRcCaPaEBR a(OCoLC)84992780714aQA76.76.D47bD48 2013eb1 aDeuff, Dominique.10aUser-Centered Agile methodh[electronic resource] /cDominique Deuff, Mathilde Cosquer. aHoboken, N.J. :bISTE Ltd/John Wiley and Sons Inc.,c2013. aix, 116 p. :bill.1 aFocus series in networks and telecommunications,x2051-2481 aIncludes bibliographical references and index. aElectronic reproduction.bPalo Alto, Calif. :cebrary,d2013.nAvailable via World Wide Web.nAccess may be limited to ebrary affiliated libraries. 0aAgile software development. 7aElectronic books.2local1 aCosquer, Mathilde.2 aebrary, Inc. 0aFocus series in networks and telecommunications.40uhttp://site.ebrary.com/lib/rucke/Doc?id=10700393zAn electronic book accessible through the World Wide Web; click to view c21922d21922